AH International Schools' Libraries

Miss molly's school of confidence / (Record no. 49416)

MARC details
000 -LEADER
fixed length control field 00311nam a2200109 4500
020 ## - INTERNATIONAL STANDARD BOOK NUMBER
International Standard Book Number 9781474999854
100 ## - MAIN ENTRY--PERSONAL NAME
Personal name Davidson, Zanna
9 (RLIN) 86608
245 ## - TITLE STATEMENT
Title Miss molly's school of confidence /
Statement of responsibility, etc Zanna Davidson & Rosie Reeve
260 ## - PUBLICATION, DISTRIBUTION, ETC. (IMPRINT)
Place of publication, distribution, etc London
Name of publisher, distributor, etc Usborne
Date of publication, distribution, etc 2022
300 ## - PHYSICAL DESCRIPTION
Extent 31 p.
Other physical details col. ill.
Dimensions 26 cm.
942 ## - ADDED ENTRY ELEMENTS (KOHA)
Source of classification or shelving scheme
Koha item type Book
Holdings
Withdrawn status Lost status Source of classification or shelving scheme Damaged status Not for loan Collection code Home library Current library Date acquired Total Checkouts Full call number Barcode Date last seen Price effective from Koha item type
          TEACHERS' RESOURCES Asian Hope Primary Library Asian Hope Primary Library 08/25/2025   E DAV 209409 08/25/2025 08/25/2025 Book

For any Logos Library related questions please contact Miss Art at swongnarasuk@asianhope.org.

For any Asian Hope Library related questions please contact Miss Raza at graza@asianhope.org.

Powered by Koha